| 000 | 00602 a2200169 4500 | ||
|---|---|---|---|
| 999 |
_c7427 _d7427 |
||
| 020 | _a0750637056 | ||
| 050 | _aHD31 PAR 1997 | ||
| 100 |
_aPardey, David _eauthor |
||
| 245 |
_aNEBS management development super series: _buser guide / _cDavid Pardey |
||
| 250 | _a3rd edition | ||
| 264 |
_aOxford : _bPergamon Open Learning, _c1997. |
||
| 300 |
_a64 pages : _bills. ; 30 cm |
||
| 440 | _aNEBS management development super series 3., User guide. | ||
| 500 | _aPublished for NEBS Management by Pergamon Flexible Learning. | ||
| 650 | _aIndustrial management | ||
| 942 |
_2lcc _cBK _e3rd edition _h31 _iPAR _kHD |
||